Statystyki dla Transfery Podbeskidzia w letnim okienku transferowym 2020/21

Kliknij tutaj aby rozwiązać quiz!

Ogólne statystyki

  • Ten quiz został rozwiązany 7 razy
  • Średni wynik to 4 z 6

Statystyki odpowiedzi

CenaPozycjaPoprzedni klubPiłkarz% Poprawnych
?Defensywny pomocnikOlimpia GrudziądzFrelek
86%
Za darmoLewy pomocnikWidzew Łódź IIGutowski
86%
Za darmoDefensywny pomocnikZalaegerszegKocsis
71%
?Prawy pomocnikLegia Warszawa IISitek
71%
Za darmoPrawy napastnikAlcorconMyakushko
57%
Za darmoŚrodkowy obrońcaMFK KarvinaRundic
57%

Rozkład punktacji

Percentyl według liczby udzielonych odpowiedzi

Procent ludzi z każdym wynikiem

Twoja historia wyników

Nie rozwiązałeś tego quizu